00582cas a2200205u 450000100060000000300080000600500170001400800410003103500190007204000330009104100080012408200200013210000190015224500720017126000320024330000190027565000300029465000260032470000260035030770BD-RjUL20211209051620.0140412s1937 enk u 0 0eng d a(BD-RjUL)30857 aDLCcCarPdDLCdBD-RjULbeng aeng00a150.5bWOS 19371 aWofe, W. Beran10aSuccessful living /cW. Beran Wofe, edited by Florence Topal Wolfe aLondon :bRoutledge,c1937. a210p. ;c21cm. 0aPsychology vPeriodicals. 0aHygienevPeriodicals.1 aWolfe, Florence Topal